Grandi successi di Giacomo Rondinella (I) (Record n. 99984)
[ formato base ]
| 000 -LEADER | |
|---|---|
| fixed length control field | 03292njm a2200517Ia 4500 |
| 001 - CONTROL NUMBER | |
| control field | 25664 |
| 003 - CONTROL NUMBER IDENTIFIER | |
| control field | IT-RoPAU |
| 005 - DATE AND TIME OF LATEST TRANSACTION | |
| control field | 20220918181123.0 |
| 008 - FIXED-LENGTH DATA ELEMENTS--GENERAL INFORMATION | |
| fixed length control field | 131025s9999 xx 000 0 und d |
| 040 ## - CATALOGING SOURCE | |
| Original cataloging agency | IT-RoPAU |
| 040 ## - CATALOGING SOURCE | |
| Transcribing agency | IT-RoPAU |
| 041 ## - LANGUAGE CODE | |
| Language code of text/sound track or separate title | ITALIANO |
| 999 ## - SYSTEM CONTROL NUMBERS (KOHA) | |
| Koha Dewey Subclass [OBSOLETE] | n.d. |
| 100 ## - MAIN ENTRY--PERSONAL NAME | |
| Personal name | AA.VV. |
| 9 (RLIN) | 794 |
| 100 ## - MAIN ENTRY--PERSONAL NAME | |
| Relator term | Autore musica |
| 9 (RLIN) | 13268 |
| 100 ## - MAIN ENTRY--PERSONAL NAME | |
| Miscellaneous information | Codice autore musica SPICS: 12000 |
| 9 (RLIN) | 796 |
| 245 ## - TITLE STATEMENT | |
| Title | Grandi successi di Giacomo Rondinella (I) |
| 250 ## - EDITION STATEMENT | |
| Edition statement | 1a ed. |
| 260 ## - PUBLICATION, DISTRIBUTION, ETC. (IMPRINT) | |
| Place of publication, distribution, etc. | TORINO |
| 260 ## - PUBLICATION, DISTRIBUTION, ETC. (IMPRINT) | |
| Name of publisher, distributor, etc. | FONIT CETRA |
| Date of publication, distribution, etc. | 1980 [1a Ed.:1980 - Ed. Lingua Orig.: 1980] |
| 300 ## - PHYSICAL DESCRIPTION | |
| Extent | DISCO |
| 300 ## - PHYSICAL DESCRIPTION | |
| Dimensions | 39 minuti (Testo: pag.) |
| 500 ## - GENERAL NOTE | |
| General note | Canzone italiana |
| 505 ## - FORMATTED CONTENTS NOTE | |
| Formatted contents note | Guapparia (4:00) - Silenzio cantatore (4:00) - 'O paese d''o sole (4:00) - Dicitencello vuie (4:00) - Torna a Surriento (4:00) - Marechiare (3:00) - Piscatore 'e pusilleco (4:00) - Voce 'e notte (4:00) - Come facette mammeta (3:00) - 'O marenariello (4:00) - 'I te vurria vasà (4:00) - Funiculì funiculà (3:00) |
| 650 ## - SUBJECT ADDED ENTRY--TOPICAL TERM | |
| Topical term or geographic name as entry element | CANZONE ITALIAN [DISCHI] |
| Relator term | Codice MATERIA SPICS: 9950 |
| 9 (RLIN) | 13269 |
| 700 ## - ADDED ENTRY--PERSONAL NAME | |
| Personal name | Rondinella Giacomo |
| Miscellaneous information | Codice interprete SPICS: 11547 |
| Relator term | Interprete |
| 9 (RLIN) | 13270 |
| 700 ## - ADDED ENTRY--PERSONAL NAME | |
| Personal name | Falvo Rodolfo |
| Miscellaneous information | Codice autore musica SPICS: 13712 |
| Relator term | Autore musica |
| Name of part/section of a work | Guapparia - Dicitencello vuie |
| 9 (RLIN) | 13271 |
| 700 ## - ADDED ENTRY--PERSONAL NAME | |
| Personal name | Bovio Libero |
| Miscellaneous information | Codice autore testo/musica SPICS: 13462 |
| Relator term | Autore testo/musica |
| Name of part/section of a work | Guapparia - 'O paese d''o sole - Dicitencello vuie |
| 9 (RLIN) | 13272 |
| 700 ## - ADDED ENTRY--PERSONAL NAME | |
| Personal name | Lama Gaetano |
| Miscellaneous information | Codice autore musica SPICS: 13468 |
| Relator term | Autore musica |
| Name of part/section of a work | Silenzio cantatore |
| 9 (RLIN) | 13273 |
| 700 ## - ADDED ENTRY--PERSONAL NAME | |
| Personal name | D'Annibale Vincenzo |
| Miscellaneous information | Codice autore musica SPICS: 13713 |
| Relator term | Autore musica |
| Name of part/section of a work | 'O paese d''o sole |
| 9 (RLIN) | 13274 |
| 700 ## - ADDED ENTRY--PERSONAL NAME | |
| Personal name | Fusco Enzo |
| Miscellaneous information | Codice autore musica SPICS: 13644 |
| Relator term | Autore musica |
| Name of part/section of a work | Dicitencello vuie |
| 9 (RLIN) | 13275 |
| 700 ## - ADDED ENTRY--PERSONAL NAME | |
| Personal name | De Curtis Ernesto |
| Miscellaneous information | Codice autore testo/musica SPICS: 13475 |
| Relator term | Autore testo/musica |
| Name of part/section of a work | Torna a Surriento - Voce 'e notte |
| 9 (RLIN) | 13276 |
| 700 ## - ADDED ENTRY--PERSONAL NAME | |
| Personal name | Tosti Francesco Paolo |
| Miscellaneous information | Codice autore musica SPICS: 13473 |
| Relator term | Autore musica |
| Name of part/section of a work | Marechiare |
| 9 (RLIN) | 13277 |
| 700 ## - ADDED ENTRY--PERSONAL NAME | |
| Personal name | Di Giacomo Salvatore |
| Miscellaneous information | Codice autore testo/musica SPICS: 13668 |
| Relator term | Autore musica |
| Name of part/section of a work | Marechiare |
| 9 (RLIN) | 13278 |
| 700 ## - ADDED ENTRY--PERSONAL NAME | |
| Personal name | Tagliaferri Ernesto |
| Miscellaneous information | Codice autore musica SPICS: 13714 |
| Relator term | Autore musica |
| Name of part/section of a work | Piscatore 'e pusilleco |
| 9 (RLIN) | 13279 |
| 700 ## - ADDED ENTRY--PERSONAL NAME | |
| Personal name | Murolo Roberto |
| Miscellaneous information | Codice autore testo/musica SPICS: 13697 |
| Relator term | Autore testo/musica |
| Name of part/section of a work | Piscatore 'e pusilleco |
| 9 (RLIN) | 13280 |
| 700 ## - ADDED ENTRY--PERSONAL NAME | |
| Personal name | Lardini |
| Miscellaneous information | Codice autore testo/musica SPICS: 16141 |
| Relator term | Autore testo/musica |
| Name of part/section of a work | Voce 'e notte |
| 9 (RLIN) | 13281 |
| 700 ## - ADDED ENTRY--PERSONAL NAME | |
| Personal name | Capaldo Giuseppe |
| Miscellaneous information | Codice autore musica SPICS: 13709 |
| Relator term | Autore musica |
| Name of part/section of a work | Come facette mammeta |
| 9 (RLIN) | 13282 |
| 700 ## - ADDED ENTRY--PERSONAL NAME | |
| Personal name | Gambardella Salvatore |
| Miscellaneous information | Codice autore testo/musica SPICS: 13700 |
| Relator term | Autore testo/musica |
| Name of part/section of a work | Come facette mammeta - 'O marenariello |
| 9 (RLIN) | 13283 |
| 700 ## - ADDED ENTRY--PERSONAL NAME | |
| Personal name | Ottaviano Gennaro |
| Miscellaneous information | Codice autore musica SPICS: 13701 |
| Relator term | Autore musica |
| Name of part/section of a work | 'O marenariello |
| 9 (RLIN) | 13284 |
| 700 ## - ADDED ENTRY--PERSONAL NAME | |
| Personal name | Russo Vincenzo |
| Miscellaneous information | Codice autore musica SPICS: 13669 |
| Relator term | Autore musica |
| Name of part/section of a work | 'I te vurria vasà |
| 9 (RLIN) | 13285 |
| 700 ## - ADDED ENTRY--PERSONAL NAME | |
| Personal name | Di Capua Edoardo |
| Miscellaneous information | Codice autore testo/musica SPICS: 13138 |
| Relator term | Autore testo/musica |
| Name of part/section of a work | 'I te vurria vasà |
| 9 (RLIN) | 13286 |
| 700 ## - ADDED ENTRY--PERSONAL NAME | |
| Personal name | Denza L. |
| Miscellaneous information | Codice autore musica SPICS: 13907 |
| Relator term | Autore musica |
| Name of part/section of a work | Funiculì funiculà |
| 9 (RLIN) | 13287 |
| 700 ## - ADDED ENTRY--PERSONAL NAME | |
| Personal name | Turco G. |
| Miscellaneous information | Codice autore testo/musica SPICS: 14023 |
| Relator term | Autore testo/musica |
| Name of part/section of a work | Funiculì funiculà |
| 9 (RLIN) | 13288 |
| 942 ## - ADDED ENTRY ELEMENTS (KOHA) | |
| Koha item type | DISCHI |
| Source of classification or shelving scheme | Dewey Decimal Classification |
| Withdrawn status | Lost status | Damaged status | Not for loan | Home library | Current library | Date acquired | Total Checkouts | Full call number | Date last seen | Price effective from | Koha item type | Public note |
|---|---|---|---|---|---|---|---|---|---|---|---|---|
| Buone Condizioni | Not For Loan | SPICS-MEDIATECA | SPICS-MEDIATECA | 25/10/2013 | 25664 | 25/10/2013 | 25/10/2013 | DISCHI | Progr. Ins.: 5538 / N.Vol.: 1 / Copie: 1 - Copia rara: n.d. / date import: 01.01.2014 - By Epidotti, Trombetti, Vaglietti |